000 01393nam0a2200313 4500
001 RU\NLR\bibl\1471223
005 20241119234659.0
020 _aRU
_b90-22494
_9Летопись авторефератов диссертаций
021 _aRU
_b2009-17959а
_9719аа
035 _a(NLR Aleph) 001462920
090 _a1594828
_c1594828
100 _a20091125d2009 u u0rusy50 ca
101 0 _arus
102 _aRU
105 _aa dm |||||
200 1 _aСтановление психологической компетентности будущего учителя начальных классов
_e(педагогический вуз)
_eавтореф. дис. на соиск. учен. степ. канд. психол. наук
_eспециальность 19.00.07 <Пед. психология>
_fЧаткина Светлана Николаевна
_g[Тамб. гос. ун-т им. Г. Р. Державина]
210 _aТамбов
_d2009
215 _a22 с.
_cил.
_d21
320 _aБиблиогр.: с. 21-22 (16 назв.)
675 _a159.9
_v3
_zrus
686 _a15
_2rugasnti
686 _a88
_2rubbk
686 _a19.00.07
_2oksvnk
700 1 _aЧаткина
_bС. Н.
_gСветлана Николаевна
_4070
801 0 _aRU
_bRKP
_c20091125
_gPSBO
801 1 _aRU
_bRKP
_c20091125
801 2 _aRU
_bNLR
_c20100209
_grcr
942 _cBOOK